| 000 | 00763nam a2200217 a 4500 | ||
|---|---|---|---|
| 001 | 000033471 | ||
| 003 | OSt | ||
| 005 | 20240705073647.0 | ||
| 008 | 201103b ac||| |||| 00| 0 eng d | ||
| 040 |
_aDO-SdBNP _bspa _cBNPHU |
||
| 082 | 7 | 4 |
_a923.77295 _bH831a _222 |
| 245 | 0 | 0 | _aAmérica y Hostos. |
| 260 |
_aHabana : _bCultural, _c1939. |
||
| 300 |
_a391 p. ; _c25 cm. |
||
| 500 | _acolección de ensayos acerca de Eugenio María de Hostos, recogidos y públicados por la comisión PRO celebación del Centenario del Natalicio de Eugeno María de Hostos | ||
| 504 | _aBibliografía : p. 357-391 | ||
| 590 | _aInventariado, 2019/BT | ||
| 600 | 1 | 0 |
_aHostos, Eugenio María de, _d1839-1903 _91352 |
| 910 | _aValidado. Control de calidad MFF | ||
| 942 |
_2ddc _cLBS1 |
||
| 999 |
_c32962 _d32962 |
||